Bulletin d'ecclésiologie (notice n° 1582859)
[ vue normale ]
| 000 -LEADER | |
|---|---|
| fixed length control field | 01988cam a2200169 4500500 |
| 005 - DATE AND TIME OF LATEST TRANSACTION | |
| control field | 20251228052117.0 |
| 041 ## - LANGUAGE CODE | |
| Language code of text/sound track or separate title | fre |
| 042 ## - AUTHENTICATION CODE | |
| Authentication code | dc |
| 100 10 - MAIN ENTRY--PERSONAL NAME | |
| Personal name | Vallin, Pierre |
| Relator term | author |
| 245 00 - TITLE STATEMENT | |
| Title | Bulletin d'ecclésiologie |
| 260 ## - PUBLICATION, DISTRIBUTION, ETC. | |
| Date of publication, distribution, etc. | 2001.<br/> |
| 500 ## - GENERAL NOTE | |
| General note | 72 |
| 520 ## - SUMMARY, ETC. | |
| Summary, etc. | RésuméÀ partir de l’idée de « folie » chez S. Paul (selon 1 Co 1, 18-31), Fr. Le Gai explore le thème de « la folie sainte de Dieu » qui n’est autre que la révélation de son amour fou pour l’homme. Examinant tout d’abord la polysémie du terme, sa réflexion porte en première partie sur Jésus-Christ comme « homme de la dérision et Dieu à la folie », examinant au passage la parabole comme lieu de l’« ironie christique ». Dans la seconde partie, c’est Paul qui révèle le contenu à la fois christologique, théologique et spirituel de la folie dans la tension entre le scandale de la croix et le risque pour l’apôtre et le croyant de n’être pas reçus. C’est pourtant là que se manifestera la « folie sainte ». |
| 520 ## - SUMMARY, ETC. | |
| Summary, etc. | Beginning with the idea of “folly“ in St. Paul (1 Cor. 1, 18-31), Fr. Le Gal explores the theme of “the holy folly of God“ that is nothing other than the revelation of his mad love for man. Examining first of ail the polysemy of the term, his reflection in the first part is on Jesus Christ as “man of derision and God of folly“, examining in passing the parable as the area of “christic irony“. In the second part, it is Paul who reveals, at the same time, the christological, theological, and spiritual content of folly in the tension between the scandai of the cross and the risk for the apostle and the believer not to be accepted. It is there, nevertheless, that the “holy folly“ manifests itself. |
| 786 0# - DATA SOURCE ENTRY | |
| Note | Recherches de Science Religieuse | 89 | 3 | 2001-09-01 | p. 443-475 | 0034-1258 |
| 856 41 - ELECTRONIC LOCATION AND ACCESS | |
| Uniform Resource Identifier | <a href="https://shs.cairn.info/revue-recherches-de-science-religieuse-2001-3-page-443?lang=fr&redirect-ssocas=7080">https://shs.cairn.info/revue-recherches-de-science-religieuse-2001-3-page-443?lang=fr&redirect-ssocas=7080</a> |
Pas d'exemplaire disponible.




Réseaux sociaux